• 首页
  • 本馆介绍
  • 公告通知
  • 最新文献
  • 馆藏检索
  • 电子资源
  • 读者导购
  • 参考咨询
  • 我的图书馆
  • 登录
  • 详细信息显示
  • 放入我的书架
  • 预约/预借图书
  • 作者相关作品
  • 分类相关作品
  • 丛书相关作品
  • 出版社相关作品

书目信息

  • 表格格式
  • 工作单格式
  • 卡片格式
题名:
新视野大学英语(第2版)
    
 
作者: 郑树棠 总主编 ;乔梦铎 主编
分册: 3   综合训练
出版信息: 北京   外语教学与研究出版社  2008
页数: 240页
开本: 26cm
丛书名:
单 册:
中图分类: H31 , H319.6
科图分类:
主题词: 英语--高等学校--教材 , 英语--高等学校--习题 , 英语
电子资源:
ISBN: 978-7-5600-7318-7
000 01260nam0 22003011 45
001 1029958460
005 20100428160849.12
010    @a978-7-5600-7318-7@dCNY20.90
100    @a20100420e20092008em y0chiy50 ea
101 0  @achi@aeng
102    @aCN@b110000
105    @ay zq 000yy
106    @ar
200 1  @a新视野大学英语(第2版)@AXin Shi Ye Da Xue Ying Yu ( Di 2 Ban )@dNew horizon college English:Comprehensive exercises.3@i综合训练@IZong He Xun Lian@h3@f郑树棠总主编@FZheng Shu Tang Zong Zhu Bian@g乔梦铎主编@zeng
210    @a北京@c外语教学与研究出版社@d2008@h2009
215    @a240页@d26cm
300    @a普通高等教育“十一五”国家级规划教材
330    @a本书共分10个单元,每单元由四部分组成:第一部分包括派生词练习、动词短语填空、语法特殊用法讲解和练习等;第二部分包括英译汉、汉译英;第三部分包括篇章层次词汇理解、阅读理解;第四部分普通文体写作、应用文文体写作。
510 1  @aNew horizon college English@iComprehensive exercises@h3@zeng
606 0  @a英语@x高等学校@j教材
606 0  @a英语@x高等学校@x习题
606 0  @a英语
690    @aH31@v4
690    @aH319.6@v4
701  0 @a郑树棠@AZheng Shu Tang@4总主编
702  0 @a乔梦铎@AQiao Meng Duo@4主编
801  0 @aCN@bTANGWEI@c20100428
905    @b0594861-65@dH31@e1494:3(1)=2@f5
    
    新视野大学英语(第2版)=New horizon college English:Comprehensive exercises.3.综合训练.3/郑树棠总主编/乔梦铎主编.-北京:外语教学与研究出版社,2008(2009)
    240页;26cm
    普通高等教育“十一五”国家级规划教材
    
    ISBN 978-7-5600-7318-7:CNY20.90
    本书共分10个单元,每单元由四部分组成:第一部分包括派生词练习、动词短语填空、语法特殊用法讲解和练习等;第二部分包括英译汉、汉译英;第三部分包括篇章层次词汇理解、阅读理解;第四部分普通文体写作、应用文文体写作。
●
相关链接 在E读中查询图书 在五车中查询图书 在当当中查询图书 在豆瓣中查询图书


正题名:新视野大学英语(第2版)     索取号:H31/1494:3(1)=2         预约/预借

序号 登录号 条形码 馆藏地/架位号 状态 备注
1 0594861   205948616   第二样本阅览室/ [索取号:H31/1494:3(1)=2] 在馆    
2 0594862   205948625   第四借阅区/ [索取号:H31/1494:3(1)=2] 在馆    
3 0594863   205948634   第四借阅区/ [索取号:H31/1494:3(1)=2] 在馆    
4 0594864   205948643   第四借阅区/ [索取号:H31/1494:3(1)=2] 在馆    
5 0594865   205948652   第四借阅区/ [索取号:H31/1494:3(1)=2] 在馆    
唐山师范学院图书馆 欢迎您!
大连网信软件有限公司© 版权所有